Lei de responsabilidade fiscal comentada : (Record no. 470)

MARC details
000 -LÍDER
Campo Fixo de Controle 01052nam a2200289 a 4500
001 - NÚMERO DE CONTROLE
Campo de Controle 470
003 - IDENTIFICAÇÃO DO NÚMERO DE CONTROLE
Campo de Controle BR-CuiBMT
005 - DATA E HORA DA ÚLTIMA ATUALIZAÇÃO
Campo de Controle 20231108152417.0
008 - DADOS FIXOS
Dados Fixos 231107s2009 spba 000 0 eng d
020 ## - INTERNATIONAL STANDARD BOOK NUMBER
Nº do ISBN 9788522452682
040 ## - AGÊNCIA CATALOGADORA
Código da Agência Catalogadora BR-CuiBMT
Agência que transcreveu o registro BR-CuiBMT
080 ## - Nº DA CLASSIFICAÇÃO DECIMAL UNIVERSAL
Nº edição CDU 2007
Nº Class. CDU 351.72
090 ## - NÚMERO DE CHAMADA
Nº classificação 351.72
Cutter L525
Ano/Edição 6. ed.
245 00 - TÍTULO PRINCIPAL
Título principal Lei de responsabilidade fiscal comentada :
Subtítulo Lei Complementar nº 101, de 4 de maio de 2000 /
Indicação de responsabilidade Flávio da Cruz (coordenador) ; [autores] Adauto Viccari Junior ... [et al.]
250 ## - EDIÇÃO
Edição 6. ed.
260 ## - PUBLICAÇÃO, DISTRIBUIÇÃO, ETC.
Local de publicação São Paulo :
Editora Atlas,
Data 2009.
300 ## - DESCRIÇÃO FÍSICA
N. páginas ou volumes 359 p. :
Ilustrações il. ;
Dimensões 24 cm
500 ## - NOTAS GERAIS
Notas gerais "Contém temas relevantes para concursos públicos."
500 ## - NOTAS GERAIS
Notas gerais Vários autores.
504 ## - NOTA DE BIBLIOGRAFIA, ETC.
Nota de bibliografia Inclui bibliografia.
650 ## - ASSUNTO TÓPICO
Cabeçalho tópico ou nome geográfico Administração pública
Subdivisão geral Responsabilidade tributária
Subdivisão geográfica Brasil
650 ## - ASSUNTO TÓPICO
Cabeçalho tópico ou nome geográfico Receita pública
Subdivisão de forma Legislação
Subdivisão geográfica Brasil
650 ## - ASSUNTO TÓPICO
Cabeçalho tópico ou nome geográfico Finanças públicas
Subdivisão de forma Legislação
Subdivisão geográfica Brasil
700 1# - ENTRADA SECUNDÁRIA -- NOME PESSOAL
Nome pessoal Cruz, Flávio da
Datas associadas ao nome coord.
700 1# - ENTRADA SECUNDÁRIA -- NOME PESSOAL
Nome pessoal Viccari Junior, Adauto
Termo de relação et al.
-- autores
942 ## - ELEMENTOS DE ENTRADA ADICIONAIS (KOHA)
Fonte de classificação ou esquema de arquivamento Classificação Decimal Universal
Tipo de item do Koha Livros
Holdings
Estado: removido Estado: perdido Fonte de classificação ou esquema de arquivamento Estado: danificado Indisponível para empréstimo Localização permanente Localização atual Data de aquisição Total Checkouts Número de Chamada completo Código de barras Date last seen Número do exemplar Preço efetivo a partir de Tipo de item (Koha)
    Classificação Decimal Universal     Biblioteca da Escola Superior de Contas do TCE/MT Biblioteca da Escola Superior de Contas do TCE/MT 07/11/2023   351.72 L525 6. ed. BIBTCEMT23110228 07/11/2023 Ex. 1 07/11/2023 Livros

Powered by Koha